Odstraňujeme pocit menejcennosti cigánskych občanov
| Hlavný autor: | |
|---|---|
| Médium: | Článok |
| Jazyk: | Slovak |
| Témy: | |
| Zdroj: |
1. Osvetová práca 1. Roč. 27, č. 9(1977), s. 19-21 |
| LEADER | 00681nab#a2200265#ar4500 | ||
|---|---|---|---|
| 001 | 000021321 | ||
| 003 | SVKKK | ||
| 005 | 00000000000000.0 | ||
| 008 | c xo e sloo | ||
| FMT | |||
| 038 | |a SVKKK | ||
| 040 | |a SVKKK |b slo |e AACR2 | ||
| 041 | 0 | |a slo | |
| 044 | |a xo |c SK | ||
| 080 | |a 323.1 |2 1981 | ||
| 100 | 1 | |a Repáň, Ľudovít |4 aut | |
| 245 | 1 | 0 | |a Odstraňujeme pocit menejcennosti cigánskych občanov |c Repáň Ľudovít, |
| 300 | |b Fotogr. | ||
| 650 | 0 | 4 | |a problematika rómska |x riešenia |x informácie |
| 773 | 0 | |t Osvetová práca |g Roč. 27, č. 9(1977), s. 19-21 | |
| 974 | |d 940125 |a de | ||
| 992 | |a RBX | ||
| BAS | |||
| 852 | |a SVKKK |b BIB | ||
| 998 | |a ROM | ||